000 00607nam a2200217Ia 4500
008 131103s9999 xx 000 0 und d
020 _a297795562
040 _aLoreto College
041 _aEnglish
082 _a301/LIP
_bLCBKB/267
100 _aLipsey, Richard G.
245 3 _aAn introduction to positive economics
_cRichard G.Lipsey
250 _a7th ed.
260 _aOxford
_bOxford university press
_c1995
300 _axxiv,919p.
_b ill,chart.
_c 24cm
504 _aIncludes glossary and index
650 _aSocial science
651 _aEconomics
850 _aLCBKB/301/LIP
942 _cBK
999 _c34866
_d85345